000 01192nam a2200349 i 4500
001 bg
003 BPK
005 20250328062813.0
008 041025s2004 pl a |000 0 pol
020 _a8301142251
040 _cBPK
041 1 _apol
_heng
080 _a316
080 _a(075.8)
100 1 _aGiddens, Anthony
_d(1938- )
_eAutor
245 1 0 _aSocjologia /
_cAnthony Giddens ; tł. Alina Szulżycka.
246 1 _iTyt. oryg.:
_aSociology
250 _aWyd.1, dodr.
260 _aWarszawa :
_bWydawnictwo Naukowe PWN,
_c2004.
300 _a747 s. :
_bwykr. ;
_c24 cm.
336 _2rdacontent
_aTekst
_btxt
337 _2rdamedia
_aBez urządzenia pośredniczącego
_bn
338 _2rdacarrier
_aWolumin
_bnc
504 _aBibliogr. s. 702-717 i przy rozdz.
650 4 _aSocjologia
655 4 _aPodręczniki akademickie
700 1 _aSzulżycka, Alina
_eTłumaczenie
710 2 _aWydawnictwo Naukowe PWN
856 _uhttp://koha.tu.koszalin.pl/cgi-bin/koha/opac-detail.pl?biblionumber=44894
_yKatalog online BPK
942 _cKS
_2udc
999 _c44894
_d44894